Integrated approach to software engineering (Record no. 93355)

MARC details
000 -LEADER
fixed length control field 00390nam a2200157Ia 4500
008 - FIXED-LENGTH DATA ELEMENTS--GENERAL INFORMATION
fixed length control field 230917s9999||||xx |||||||||||||| ||und||
040 ## - CATALOGING SOURCE
-- 71727
Original cataloging agency VIVEKANANDA LIBRARY
041 ## - Language
-- English
082 ## - DDC NUMBER
Classification number 005.1 J219I
100 ## - MAIN ENTRY--PERSONAL NAME
Personal name Jalote, Pankaj
245 #0 - TITLE STATEMENT
Title Integrated approach to software engineering
250 ## - EDITION STATEMENT
Edition statement 2nd ed.
260 ## - PUBLICATION, DISTRIBUTION, ETC. (IMPRINT)
Place of publication, distribution, etc New Delhi
Name of publisher, distributor, etc Narosa
Date of publication, distribution, etc 2001
300 ## - PHYSICAL DESCRIPTION
Pages xiv, 497 p.
942 ## - ADDED ENTRY ELEMENTS (KOHA)
Koha item type Books
Holdings
Withdrawn status Lost status Damaged status Not for loan Location (home branch) Sublocation or collection (holding branch) Date acquired Koha issues (times borrowed) Koha full call number Accession No. Koha date last seen Koha item type Shelving location
        VIVEKANANDA LIBRARY VIVEKANANDA LIBRARY 05/02/2003   005.1 J219I 174755 17/09/2023 Books  
        VIVEKANANDA LIBRARY VIVEKANANDA LIBRARY 05/02/2003   005.1 J219I 185225 17/09/2023 Books IMSAR Library
        VIVEKANANDA LIBRARY VIVEKANANDA LIBRARY 05/02/2003   005.1 J219I 185226 17/09/2023 Books IMSAR Library
        VIVEKANANDA LIBRARY VIVEKANANDA LIBRARY 05/02/2003   005.1 J219I 185227 17/09/2023 Books IMSAR Library
        VIVEKANANDA LIBRARY VIVEKANANDA LIBRARY 05/02/2003   005.1 J219I 185228 17/09/2023 Books IMSAR Library
        VIVEKANANDA LIBRARY VIVEKANANDA LIBRARY 05/02/2003   005.1 J219I 185229 17/09/2023 Books IMSAR Library
        VIVEKANANDA LIBRARY VIVEKANANDA LIBRARY 05/02/2003   005.1 J219I 188475 17/09/2023 Books  
        VIVEKANANDA LIBRARY VIVEKANANDA LIBRARY 05/02/2003   005.1 J219I 188920 17/09/2023 Books UIET Library
        VIVEKANANDA LIBRARY VIVEKANANDA LIBRARY 05/02/2003   005.1 J219I 195351 17/09/2023 Books UIET Library
        VIVEKANANDA LIBRARY VIVEKANANDA LIBRARY 05/02/2003   005.1 J219I 195484 17/09/2023 Books UIET Library
        VIVEKANANDA LIBRARY VIVEKANANDA LIBRARY 05/02/2003   005.1 J219I 214145 17/09/2023 Books  
        VIVEKANANDA LIBRARY VIVEKANANDA LIBRARY 05/02/2003   005.1 J219I 214146 17/09/2023 Books  
© Designed and Maintained by Vivekananda Library, MDU Rohtak